000 00711nam a22002537i 4500
003 DO-SdBNP
005 20250527101559.0
007 ta
008 250527b2025 |||||||| |||| 00| 0 spa d
020 _a9789945656169
040 _aDO-SdBNP
_bspa
_cBNPHU
_erda
041 _hspa
082 _axxx
_bC957q
_222
100 0 _aCruz, Santiago, De la
_eautor
_987883
245 0 _a¿Quieres que te lo cuente ? /
_cSantiago De la Cruz
264 _aSanto Domingo :
_bSantuario,
_c2025.
300 _a103 páginas ;
_c24 cm
336 _atexto
_btxt
_2rdacontent
337 _asin mediación
_bn
_2rdamedia
338 _avolumen
_bnc
_2rdacarrier
590 _aInventariado, 2025/DG
910 _aDG
942 _2ddc
_cLBS1
999 _c59031
_d59031